[Event "GCT Warsaw 2024"]
[Site "Warsaw, Poland"]
[Date "2024.05.09"]
[Round "4.4"]
[White "Gukesh D"]
[Black "Praggnanandhaa R"]
[Result "1-0"]
[WhiteElo "2649"]
[BlackElo "2704"]
[PlyCount "82"]
[EventDate "2024.??.??"]

1. Nf3 Nf6 2. b3 g6 3. Bb2 Bg7 4. g3 b6 5. Bg2 Bb7 6. O-O O-O 7. e3 ({RR} 7. d4 c5 8. dxc5 bxc5 9. c4 d6 10. Nc3 Nbd7 11. Qc2 Rb8 12. Rad1 Ne4 13. Nxe4 Bxe4 14. Qxe4 Bxb2 15. Ne1 Bg7 16. Qc2 Ne5 17. Nd3 Nxd3 18. Rxd3 a5 19. h4 a4 20. h5 Qd7 21. Bd5 Qf5 {Caruana,F (2804)-So,W (2770) Leuven 2016 ½-½ (62)}) ({RR} 7. d4 d5 8. Nbd2 Nbd7 9. Ne5 Ne4 10. Nxe4 Nxe5 11. dxe5 dxe4 12. c4 c5 13. Qc2 e6 14. Rad1 Qc7 15. Bxe4 Rfd8 16. Bxb7 Qxb7 17. Rd2 Rxd2 18. Qxd2 Qe4 19. f3 Qf5 20. e4 Qh5 21. f4 Qh3 {Jarocka,L (2006)-Maranhao,J (1923) chess.com INT 2022 1-0 (53)}) 7... c5 ({RR} 7... e6 8. Qe2 Qe7 9. c4 c5 10. d4 d6 11. Rd1 Nbd7 12. a4 a6 13. a5 bxa5 14. Rxa5 Rab8 15. Nbd2 Rfc8 16. Ne1 Bxg2 17. Kxg2 d5 18. Ba3 dxc4 19. bxc4 Rc6 20. Qf3 Qd8 21. Ra4 Qc8 22. Nd3 {Nakamura,H (2802)-Aravindh,C (2698) chess.com INT 2024 1-0 (38)}) 8. d4 cxd4 $146 ({RR} 8... Na6 9. c4 d5 10. Ne5 e6 11. Nc3 Qe7 12. dxc5 bxc5 13. Qe2 Rfd8 14. Rfd1 Rac8 15. Rac1 Nb4 16. a3 Nc6 17. Nxc6 Bxc6 18. cxd5 exd5 19. Na2 d4 20. Bxc6 Rxc6 21. Bxd4 Rcd6 22. Bxf6 Rxd1+ 23. Rxd1 {Mammadov,Z (2465)-Khalafova,N (2193) Nakhchivan 2016 ½-½ (111)}) ({RR} 8... Qc7 9. Na3 d6 10. c4 a6 11. Rc1 e6 12. Nc2 Nbd7 13. Qe2 Rfd8 14. Rfd1 Be4 15. Nd2 Bxg2 16. Kxg2 Qb7+ 17. Qf3 Qxf3+ 18. Nxf3 Ne8 19. e4 b5 {½-½ (19) Chernikov,O (2438)-Werner,C (2353) Courmayeur 2011}) ({RR} 8... d5 9. Qe2 Nbd7 10. Nbd2 e6 11. c4 Qe7 12. Rfd1 Rfd8 13. Rac1 a5 14. dxc5 Nxc5 15. Bd4 Nfe4 16. Bxg7 Kxg7 17. Nxe4 dxe4 18. Ne1 f5 19. Rxd8 Rxd8 20. Rd1 e5 21. h4 h5 22. Bf1 Kf6 23. Qc2 {Caruana,F (2820)-Vachier Lagrave,M (2760) Paris 2021 ½-½ (56)}) 9. exd4 d5 10. Nbd2 Nc6 11. Re1 e6 12. a4 Re8 13. Ne5 Rc8 14. Ndf3 a5 15. Nxc6 Rxc6 16. Bf1 Rc8 17. Bc1 Ne4 18. Bf4 g5 19. Be3 f5 20. Ne5 Rf8 21. f3 f4 22. Bc1 Qc7 23. Ba3 fxg3 24. fxe4 gxh2+ 25. Kh1 Rf2 26. Qg4 Bxe5 27. Qxe6+ Kh8 28. Qxe5+ Qxe5 29. dxe5 dxe4 30. Re3 Rc3 31. Rxc3 e3+ 32. Bg2 Bxg2+ 33. Kxh2 e2 34. Re1 Bd5+ 35. Kg3 Rg2+ 36. Kh3 h5 37. Rd3 Bc6 38. Rc3 Bd5 39. Re3 Rg4 40. R1xe2 Rg1 41. Re1 Be6+ 1-0

[Event "GCT Warsaw 2024"]
[Site "Warsaw, Poland"]
[Date "2024.05.12"]
[Round "22.3"]
[White "Carlsen, Magnus"]
[Black "Wei, Yi"]
[Result "1-0"]
[WhiteElo "2828"]
[BlackElo "2758"]
[PlyCount "115"]
[EventDate "2024.??.??"]

1. Nf3 d5 2. g3 g6 3. Bg2 Bg7 4. O-O e5 5. d3 Nc6 6. e4 dxe4 7. dxe4 Qxd1 8. Rxd1 Bg4 9. c3 Nf6 10. h3 Be6 11. Ng5 Bd7 12. Nd2 h6 13. Ngf3 O-O-O 14. Re1 $146 ({RR} 14. b4 Be6 15. Bb2 Nd7 16. a4 a5 17. b5 Ncb8 18. c4 f6 19. Nh4 Bf7 20. f4 Nc5 21. fxe5 fxe5 22. Rf1 Be8 23. Bc3 b6 24. Nhf3 Rd3 25. Rfc1 Rf8 26. Bb2 g5 27. Rc3 Rd6 28. Nb3 Nbd7 {Movsziszian,K (2479)-Magem Badals,J (2555) Barcelona 2015 ½-½ (39)}) 14... Be6 15. Bf1 Nd7 ({RR} 15... Ne8 16. Kg2 Nd6 17. b4 Rhe8 18. Nh4 g5 19. Nhf3 f5 20. b5 Na5 21. exf5 Bd5 22. g4 c5 23. bxc6 Nxc6 24. Bb2 e4 25. Nd4 e3+ 26. N2f3 exf2 27. Rxe8 Rxe8 28. Kxf2 Ne4+ 29. Kg1 Ng3 30. Bg2 {Petriashvili,N (2450)-Lumachi,G (2450) Trieste ITA 2025 ½-½ (39)}) 16. Nb3 $146 ({RR} 16. Bc4 Rhe8 17. Bxe6 Rxe6 18. Nc4 Nc5 19. a4 Nb3 20. Ra3 Nca5 21. Nxa5 Nxa5 22. Nd2 Rxd2 23. Bxd2 Nc4 24. Bc1 Nxa3 25. bxa3 Ra6 26. f3 Rxa4 27. Kf1 Bf8 28. Bb2 b5 29. Ra1 Kd7 30. Ke2 Ke6 {Markus,R (2599)-Dastan,B (2572) Chess.com INT 2020 ½-½ (60)}) 16... a5 17. Be3 a4 18. Nbd2 Bf8 19. b4 axb3 20. axb3 Bc5 21. Bxc5 Nxc5 22. b4 Nd7 23. Nc4 f6 24. Ra8+ Ncb8 25. Rea1 Nb6 26. Nxb6+ cxb6 27. Nh4 Bf7 28. Ng2 Kc7 29. Ne3 Nc6 30. R8a3 Rd7 31. Bc4 Bxc4 32. Nxc4 b5 33. Ne3 Ne7 34. Ra8 Rhd8 35. Ng4 Ng8 36. Rxd8 Rxd8 37. Kf1 h5 38. Ne3 Ne7 39. Ke2 f5 40. f3 h4 41. gxh4 Rh8 42. exf5 gxf5 43. Rg1 Kd6 44. Rg5 Rxh4 45. Rxf5 Rxh3 46. Rf6+ Kc7 47. Re6 Nc6 48. Nd5+ Kd7 49. Rg6 Rh1 50. Nf6+ Ke7 51. Ne4 Kf7 52. Rf6+ Ke7 53. Rg6 Kf7 54. Rd6 Rh2+ 55. Kd3 Rh1 56. Rd7+ Ke6 57. Rxb7 Kf5 58. Ng3+ 1-0

[Event "GCT Warsaw 2024"]
[Site "Warsaw, Poland"]
[Date "2024.05.12"]
[Round "24.3"]
[White "Carlsen, Magnus"]
[Black "Duda, Jan-Krzysztof"]
[Result "1-0"]
[WhiteElo "2828"]
[BlackElo "2748"]
[PlyCount "131"]
[EventDate "2024.??.??"]

1. Nf3 Nf6 2. g3 d5 3. Bg2 c5 4. c4 d4 5. b4 cxb4 6. a3 bxa3 7. O-O Nc6 8. d3 e5 9. Qa4 Bd7 10. Bxa3 Bxa3 11. Qxa3 Qe7 12. Nbd2 $146 ({RR} 12. Ng5 Qxa3 13. Nxa3 Ke7 14. Rfb1 Rab8 15. f4 exf4 16. gxf4 Nh5 17. Rf1 Nb4 18. Ne4 Rhc8 19. Nd2 Bc6 20. Nb3 Bxg2 21. Kxg2 Rd8 22. Kf3 a6 23. Rfb1 b6 24. Rb2 Rd6 25. Nd2 a5 26. Ne4 Re6 {Martinovic,S (2466)-Borik,O (2429) Germany 2003 ½-½}) 12... Qxa3 13. Rxa3 Ke7 14. Rb1 Rab8 $146 ({RR} 14... b6 15. e3 dxe3 16. fxe3 Rhd8 17. d4 exd4 18. exd4 Rac8 19. d5 Na5 20. Ne5 Kf8 21. Rf1 Rc7 22. Ne4 Nxe4 23. Rxf7+ Kg8 24. Bxe4 Nxc4 25. d6 Nxd6 26. Re7 Nxe4 {0-1 (26) Oparin,G (2667)-Duda,J (2724) chess.com INT 2023}) 15. Ne1 Rhc8 16. Nc2 a6 17. f4 Ng4 18. fxe5 Ngxe5 19. Nf3 Nxf3+ 20. Bxf3 b5 21. Bxc6 Rxc6 22. Nxd4 Rd6 23. e3 Rc8 24. cxb5 axb5 25. Nxb5 Rb6 26. Rab3 Rc2 27. Nd4 Rxb3 28. Rxb3 Rd2 29. Nf3 Re2 30. e4 f6 31. Kf1 Ra2 32. Rb7 Kd6 33. h4 h6 34. Ke1 Rg2 35. d4 Rxg3 36. Kf2 Rg4 37. e5+ Kc6 38. Ra7 Be6 39. Ra6+ Kd7 40. d5 Bxd5 41. Rd6+ Ke7 42. Rxd5 fxe5 43. Rxe5+ Kf6 44. Ra5 Rb4 45. Kg3 Rb3 46. Ra6+ Kf5 47. h5 Rc3 48. Rg6 Rc7 49. Nd4+ Ke5 50. Ne2 Kf5 51. Kf3 Rb7 52. Nd4+ Ke5 53. Ke3 Rb1 54. Rxg7 Rh1 55. Ra7 Rh3+ 56. Nf3+ Kf5 57. Ra5+ Kg4 58. Ra4+ Kf5 59. Rf4+ Ke6 60. Rh4 Rg3 61. Kf4 Rg8 62. Rg4 Rf8+ 63. Ke4 Ra8 64. Rg6+ Kf7 65. Ne5+ Ke7 66. Rxh6 1-0

[Event "GCT Warsaw 2024"]
[Site "Warsaw, Poland"]
[Date "2024.05.12"]
[Round "26.2"]
[White "Praggnanandhaa R"]
[Black "Wei, Yi"]
[Result "1-0"]
[WhiteElo "2704"]
[BlackElo "2758"]
[PlyCount "115"]
[EventDate "2024.??.??"]

1. Nf3 d5 2. g3 g6 3. c4 dxc4 4. Na3 Be6 ({RR} 4... Bg7 5. Nxc4 Nc6 6. d3 e5 7. Be3 Nge7 8. Bg2 O-O 9. h4 Nf5 10. Bc5 Re8 11. h5 Be6 12. Rc1 g5 13. e3 h6 14. Qe2 Qd7 15. O-O Rad8 16. Rfd1 b6 17. Ba3 b5 18. Ncd2 b4 19. Nxg5 {Vachier Lagrave,M (2798)-Svidler,P (2759) Biel 2016 1-0 (38)}) ({RR} 4... Bg7 5. Nxc4 Nc6 6. Bg2 e5 7. d3 Nge7 8. O-O O-O 9. Bd2 Re8 10. b4 Nd5 11. Rb1 e4 12. dxe4 Rxe4 13. Bg5 Nf6 14. Nfe5 Qxd1 15. Rfxd1 Bf5 16. Nxc6 bxc6 17. Bxe4 Nxe4 18. Rd8+ Rxd8 19. Bxd8 {Gareev,T (2573)-Gumularz,S (2539) Warsaw POL 2021 1-0 (40)}) 5. Bg2 Bg7 6. Qc2 $146 ({RR} 6. O-O Bd5 7. Qc2 Nf6 8. Nxc4 Nc6 9. b3 Bxf3 10. Bxf3 Nd4 11. Qd3 Nxf3+ 12. Qxf3 Qd5 13. Qxd5 Nxd5 14. Rb1 c5 15. Bb2 O-O 16. Rfc1 Rfd8 17. Kf1 h5 18. a3 Rac8 19. e3 Bxb2 20. Rxb2 Kg7 {Pantsulaia,L (2603)-Van Foreest,J (2621) Batumi GEO 2019 1-0 (55)}) ({RR} 6. Ng5 Bd5 7. e4 Bc6 8. Nxc4 Qd3 9. Qb3 Qxb3 10. axb3 h6 11. Nh3 Nf6 12. d3 b6 13. Bf4 Kd7 14. Ne5+ Kc8 15. Nxc6 Nxc6 16. e5 Kd7 17. exf6 Bxf6 18. Rc1 Nd4 19. Rxc7+ Kd8 20. Bxa8 e5 {Gutierrez Olivares,D (2354)-Winkels,M (1890) chess.com INT 2025 1-0}) 6... c5 7. Nxc4 Nc6 8. d3 $146 ({RR} 8. O-O Nh6 9. Ne3 Rc8 10. Qxc5 Nd4 11. Qxa7 Nxe2+ 12. Kh1 O-O 13. d4 Nf5 14. Nxf5 Bxf5 15. Qxb7 Nxc1 16. Raxc1 Rb8 17. Qa7 Rxb2 18. Ne5 Bxe5 19. dxe5 Be6 20. a4 Bd5 21. Rfd1 Bxg2+ 22. Kxg2 Qa8+ {Rapport,R (2763)-Aronian,L (2781) Paris 2021 ½-½ (33)}) 8... Rc8 9. Qa4 Bd7 10. O-O a6 11. Qd1 b5 12. Ncd2 Nf6 13. Nb3 c4 14. dxc4 bxc4 15. Nc5 O-O 16. Nxd7 Nxd7 17. Rb1 Nc5 18. Qc2 Qd5 19. Bd2 e5 20. Ng5 Qd7 21. Be3 Nd4 22. Bxd4 exd4 23. Rfd1 h6 24. Nf3 Ne6 25. h4 Qb5 26. Qe4 Rfe8 27. Rdc1 f5 28. Qc2 h5 29. Rd1 Red8 30. Bf1 Bh6 31. b3 d3 32. exd3 cxd3 33. Qb2 Bg7 34. Qd2 Qb7 35. Qe3 Nc5 36. Ng5 Re8 37. Qf4 Rcd8 38. Rbc1 Rd4 39. Qf3 Qb5 40. a4 Qb6 41. Rc4 Rxc4 42. bxc4 Rd8 43. Bxd3 Nxd3 44. Kg2 Ne5 45. Rxd8+ Qxd8 46. Qb7 Qe8 47. Qd5+ Kh8 48. Kg1 Qf8 49. Ne6 Qe7 50. c5 Bf6 51. c6 Nxc6 52. Qxc6 Kh7 53. Qxa6 Be5 54. Ng5+ Kg7 55. Qc4 Bf6 56. Ne6+ Kh7 57. a5 Qd6 58. Qc7+ 1-0

[Event "GCT Warsaw 2024"]
[Site "Warsaw, Poland"]
[Date "2024.05.12"]
[Round "27.5"]
[White "Duda, Jan-Krzysztof"]
[Black "Shevchenko, Kirill"]
[Result "1-0"]
[WhiteElo "2748"]
[BlackElo "2622"]
[PlyCount "95"]
[EventDate "2024.??.??"]

1. Nf3 Nf6 2. g3 g6 3. b3 d5 4. Bb2 c5 5. c4 d4 6. b4 Bg7 7. Bg2 O-O 8. O-O Re8 ({RR} 8... Nc6 9. b5 Na5 10. d3 Qc7 11. Nbd2 e5 12. Ng5 h6 13. Nge4 Nxe4 14. Nxe4 Be6 15. Nd2 Rae8 16. Nb3 Nxb3 17. axb3 b6 18. b4 cxb4 19. Qa4 Re7 20. Qxb4 Rc8 21. Ra6 Bf8 22. Rfa1 Qd8 23. Qa4 {Artemiev,V (2653)-Li,C (2720) Doha 2016 1-0 (45)}) ({RR} 8... cxb4 9. Bxd4 Nc6 10. Bb2 a5 11. d4 a4 12. d5 Nb8 13. Nbd2 Nbd7 14. e4 Nc5 15. e5 Ng4 16. Qe2 h5 17. Rab1 Bf5 18. Bd4 Bxb1 19. Rxb1 Qa5 20. Ne4 Nxe4 21. Qxe4 Rac8 22. c5 Rxc5 23. Bxc5 {Antonova,N (1842)-Kekic,A (2164) chess.com INT 2022 0-1 (45)}) 9. bxc5 ({RR} 9. d3 e5 10. bxc5 Nc6 11. Nbd2 e4 12. dxe4 Nxe4 13. Nxe4 Rxe4 14. Nd2 Re8 15. Ne4 Bg4 16. Re1 Qd7 17. Qd2 Re5 18. e3 d3 19. Nd6 Rxc5 20. Bxg7 Qxd6 21. Bb2 Rxc4 22. Rac1 Qb4 23. Bc3 Qd6 {Wojtaszek,R (2670)-Shevchenko,K (2684) Warsaw POL 2023 0-1 (33)}) 9... e5 ({RR} 9... Ne4 10. d3 Nxc5 11. Nbd2 e5 12. Ba3 Nba6 13. Nb3 Bf8 14. h4 Bd7 15. Ng5 Bc6 16. Bxc6 bxc6 17. Nxc5 Nxc5 18. Bxc5 Bxc5 19. Qa4 Be7 20. Ne4 f5 21. Nd2 Qc7 22. Rfb1 e4 23. c5 Bf6 24. Nc4 {Khotenashvili,B (2418)-Injac,T (2454) Rhodes GRE 2025 0-1 (33)}) 10. e3 ({RR} 10. d3 Nfd7 11. Nfd2 Nxc5 12. a4 Nc6 13. Ba3 Bf8 14. Nb3 Nxb3 15. Qxb3 Na5 16. Qb2 Rb8 17. Bxf8 Kxf8 18. Nd2 Bf5 19. Rae1 Qd6 20. f4 Nc6 21. Qb5 Kg7 22. a5 a6 23. Qd5 Qc7 24. Qc5 Re7 {Carlsen,M (2832)-Robson,R (2700) chess.com INT 2024 1-0 (44)}) 10... Nc6 11. Na3 $146 ({RR} 11. d3 dxe3 12. fxe3 e4 13. Nd4 Ne5 14. dxe4 Nxc4 15. Bc1 Ng4 16. Qb3 Ngxe3 17. Bxe3 Nxe3 18. Rxf7 Kh8 19. Nb5 Be6 20. Qxe3 Bxf7 21. Nd6 Bg8 22. Nc3 Qf6 23. Rc1 Qd4 24. Qxd4 Bxd4+ 25. Kh1 Re7 {Fareh,Y (2187)-Barbeau,S (2389) Quebec 2007 0-1 (32)}) ({RR} 11. exd4 e4 12. d5 exf3 13. Bxf3 Ne5 14. Bxe5 Rxe5 15. d4 Re8 16. Nc3 Bf5 17. Qb3 Ne4 18. Bxe4 Bxe4 19. Nxe4 Rxe4 20. Qxb7 Rxd4 21. Rac1 Qc8 22. Qxc8+ Rxc8 23. c6 Bf8 24. Rfd1 Rxd1+ 25. Rxd1 Bd6 {Lobron,E (2530)-Fier,A (2493) Amsterdam 2017 ½-½}) 11... Nd7 $146 ({RR} 11... Bg4 12. h3 Bxf3 13. Bxf3 Nd7 14. Bd5 Nxc5 15. Qf3 Qd7 16. exd4 exd4 17. Nc2 Na4 18. Ba3 Ne5 19. Qb3 Nb6 20. f4 Nc6 21. f5 Nxd5 22. cxd5 Na5 23. Qf3 Nc4 24. Rad1 Re5 25. fxg6 hxg6 26. d3 {Dhananjay,S (2230)-Sygulski,P (2103) Wroclaw POL 2024 0-1 (40)}) 12. Nb5 Nxc5 13. Ba3 Ne4 14. Nh4 a6 15. Bxe4 axb5 16. cxb5 f5 17. Bg2 Rxa3 18. bxc6 e4 19. Qc1 Qd6 20. cxb7 Bxb7 21. Rb1 Ba6 22. Re1 Rxa2 23. Ra1 Rxa1 24. Qxa1 Bc8 25. Qa5 Qd8 26. Qc5 Re5 27. Qxd4 Rd5 28. Qc4 Kh8 29. d4 g5 30. Rc1 Be6 31. Nxf5 Bxf5 32. Qc6 h6 33. Ra1 Kh7 34. Ra7 Qd6 35. Qe8 Qg6 36. Qe7 Rb5 37. h3 Rb1+ 38. Kh2 h5 39. d5 Rb2 40. Kg1 Rb1+ 41. Kh2 Rd1 42. Qe5 Kh6 43. Rxg7 Qxg7 44. Qxf5 h4 45. Bxe4 hxg3+ 46. Kxg3 Qc7+ 47. Kg2 Qe7 48. Qg6# 1-0

[Event "Chessable Masters Play-In"]
[Site "chess.com INT"]
[Date "2024.01.31"]
[Round "6"]
[White "Yu Yangyi"]
[Black "Holt, C."]
[Result "1-0"]
[WhiteElo "2720"]
[BlackElo "2540"]
[PlyCount "85"]
[EventDate "2024.01.31"]

1. e4 e6 2. d3 d5 3. Nd2 Bd6 4. Ngf3 c5 5. g3 Nc6 6. Bg2 Nge7 7. O-O O-O 8. Re1 Qc7 9. Qe2 f6 10. c3 Bd7 11. a3 Rad8 ({RR} 11... Kh8 12. b4 b6 13. Bb2 Be8 14. d4 cxd4 15. cxd4 Qd8 16. Bh3 Bd7 17. e5 fxe5 18. dxe5 Bc7 19. Ng5 Nf5 20. Qh5 h6 21. Nf7+ Rxf7 22. Qxf7 Be8 23. Qf8+ Kh7 24. Bxf5+ exf5 25. Qxf5+ Bg6 26. Qg4 {Yoo,C (2550)-Kramnik,V (2753) Chess.com INT 2022 1-0 (35)}) ({RR} 11... Rae8 12. b4 b6 13. Bb2 a5 14. b5 Ne5 15. Nxe5 Bxe5 16. d4 cxd4 17. cxd4 Bd6 18. Rac1 Qb8 19. f4 Rc8 20. e5 fxe5 21. fxe5 Rxc1 22. Bxc1 Bc7 23. Nf3 a4 24. Bd2 Nc8 25. Bb4 Rf7 26. Ng5 {Mazurkiewicz,M (2145)-Ruiz C,J (2426) chess.com INT 2024 0-1}) 12. b4 a5 $146 ({RR} 12... cxb4 13. axb4 a6 14. d4 Qb8 15. Bh3 e5 16. Bxd7 Rxd7 17. exd5 Nxd5 18. b5 axb5 19. Qxb5 Nc7 20. Qb3+ Kh8 21. Nc4 exd4 22. Nxd6 Rxd6 23. Ba3 Rfd8 24. Bxd6 Rxd6 25. cxd4 Nxd4 26. Nxd4 Rxd4 27. Qb6 {Saastamoinen,A (2172)-Haugen,A Kallithea 2002 1-0 (34)}) 13. b5 Ne5 14. a4 Nf7 15. Bb2 Rfe8 16. Rac1 Rc8 17. h4 Qd8 18. Qf1 Bb8 19. Ba3 b6 20. h5 Kh8 21. Re2 e5 22. d4 dxe4 23. Nxe4 cxd4 24. cxd4 Rxc1 25. Qxc1 Bg4 26. dxe5 Bxe5 27. Rd2 Qc7 28. Rc2 Qd8 29. h6 Nxh6 30. Nxe5 fxe5 31. Nd6 Rf8 32. Rc7 Nhg8 33. Ra7 Bf3 34. Qc4 Bh5 35. Qe6 Rf6 36. Qxe5 Bg6 37. Ra8 Qd7 38. Rb8 Re6 39. Qd4 Re1+ 40. Kh2 h6 41. Nf7+ Bxf7 42. Qxd7 Be6 43. Qd2 1-0

[Event "Chessable Masters Play-In"]
[Site "chess.com INT"]
[Date "2024.01.31"]
[Round "9"]
[White "Yu Yangyi"]
[Black "Vokhidov, Shamsiddin"]
[Result "1-0"]
[WhiteElo "2720"]
[BlackElo "2596"]
[PlyCount "105"]
[EventDate "2024.01.31"]

1. e4 c5 2. Nf3 e6 3. d3 d5 4. Nbd2 Nc6 5. g3 Bd6 6. Bg2 Nge7 7. O-O O-O 8. Re1 h6 ({RR} 8... Rb8 9. Nb3 dxe4 10. dxe4 e5 11. c3 c4 12. Nbd2 b5 13. Nf1 Qc7 14. Ne3 f6 15. h4 Rd8 16. Qe2 Bc5 17. Nxc4 Be6 18. Ne3 b4 19. c4 Bxe3 20. Bxe3 b3 21. axb3 Rxb3 22. Red1 Rxd1+ 23. Rxd1 {Komliakov,V (2455)-Renet,O (2530) Moscow 1994 ½-½ (44)}) 9. c3 ({RR} 9. h4 b5 10. c3 Bb7 11. e5 Bc7 12. Nf1 d4 13. h5 Qd7 14. N1h2 dxc3 15. bxc3 Rfd8 16. Bf1 Qd5 17. Bf4 Ba5 18. Qc1 Nf5 19. g4 Nfe7 20. Bxh6 Kf8 21. Bxg7+ Kxg7 22. Qg5+ Kf8 23. Qh6+ Ke8 {Minnekhanov,E (1750)-Ezizov,M (1909) Almaty KAZ 2024 0-1 (39)}) 9... Bc7 10. a3 $146 ({RR} 10. e5 Ng6 11. d4 cxd4 12. cxd4 f6 13. exf6 Qxf6 14. Nb3 b6 15. Be3 Bb7 16. Rc1 a5 17. a3 Bd6 18. Nbd2 a4 19. Bh3 e5 20. dxe5 Ncxe5 21. Bd4 Rae8 22. Nxe5 Bxe5 23. Rxe5 Rxe5 24. Qf1 Qg5 {Kshatriya,N (2033)-Alvarez Calzadilla,J (2364) Barcelona ESP 2023 ½-½ (41)}) 10... d4 11. cxd4 cxd4 12. e5 Ng6 13. Nc4 b5 14. Nd6 Bxd6 15. exd6 Qxd6 16. Nxd4 Qxd4 17. Bxc6 Rb8 18. Be3 Qxb2 19. Bxa7 Bb7 20. Bxb8 Bxc6 21. Qc1 Qf6 22. Qxc6 Rxb8 23. Kg2 Ne7 24. Qf3 Qd4 25. Qe4 Qd7 26. Rac1 Nd5 27. Rc5 Ra8 28. Rec1 g6 29. Qe5 Kh7 30. h4 h5 31. d4 Qb7 32. Kg1 Qd7 33. Rc6 Rd8 34. R1c5 Qb7 35. Qe4 Qd7 36. Qe2 Rb8 37. Qc2 b4 38. axb4 Nxb4 39. Rc7 Qe8 40. Qe2 Kg8 41. Qc4 Kg7 42. Rc8 Rxc8 43. Rxc8 Qa4 44. Qc5 Qd1+ 45. Kg2 Nd3 46. Qf8+ Kf6 47. Qd8+ Kf5 48. Qg5+ Ke4 49. Qe3+ Kf5 50. Rc3 Ne1+ 51. Kh2 Kf6 52. Qe5+ Ke7 53. Rc7+ 1-0

[Event "Chessable Play-In Match D3"]
[Site "chess.com INT"]
[Date "2024.02.01"]
[Round "1.2"]
[White "Dubov, Daniil"]
[Black "Le Tuan Minh"]
[Result "1-0"]
[WhiteElo "2708"]
[BlackElo "2567"]
[PlyCount "61"]
[EventDate "2024.02.01"]
[EventType "k.o."]

1. g3 d5 2. Bg2 Nf6 3. Nf3 Nbd7 4. O-O e5 5. d3 c6 6. a4 ({RR} 6. c4 Bd6 7. cxd5 cxd5 8. Nc3 O-O 9. Nh4 d4 10. Nb5 Bc5 11. Bd2 a6 12. Na3 Re8 13. Nc4 a5 14. Rc1 a4 15. b4 axb3 16. Qxb3 Bf8 17. Rc2 Ra6 18. Bb4 Bxb4 19. Qxb4 Nb6 20. Nxb6 Rxb6 {Ivanisevic,I (2643)-Nisipeanu,L (2652) Calimanesti 2014 ½-½}) 6... a5 7. Nc3 Bb4 $146 ({RR} 7... Be7 8. Nd2 O-O 9. e4 dxe4 10. Ncxe4 Nxe4 11. Nxe4 Re8 12. Re1 Bf8 13. Bg5 f6 14. Be3 Nb6 15. d4 Nc4 16. dxe5 Qxd1 17. Raxd1 Nxe5 18. Nd6 Bxd6 19. Rxd6 Bg4 20. Rd4 Nf3+ 21. Bxf3 Bxf3 22. Rd7 {Dubov,D (2708)-Le Tuan Minh (2567) chess.com INT 2024 1-0 (87)}) 8. e4 dxe4 9. Nxe4 O-O 10. Bg5 Be7 11. Nxf6+ Bxf6 12. Bxf6 Qxf6 13. Re1 e4 14. Nd2 exd3 15. Ne4 Qxb2 16. Qxd3 Ne5 17. Qd6 Nc4 18. Qc5 Qb4 19. Qh5 h6 20. c3 Qb6 21. Bf1 Be6 22. Bxc4 Bxc4 23. Nf6+ gxf6 24. Re4 Bd3 25. Rg4+ Bg6 26. Qxh6 Qb2 27. Rh4 Qxa1+ 28. Kg2 Be4+ 29. Rxe4 Qd1 30. Rh4 Qd5+ 31. f3 1-0

[Event "Chessable Play-In Match D3"]
[Site "chess.com INT"]
[Date "2024.02.01"]
[Round "1.4"]
[White "Dubov, Daniil"]
[Black "Le Tuan Minh"]
[Result "1-0"]
[WhiteElo "2708"]
[BlackElo "2567"]
[PlyCount "173"]
[EventDate "2024.02.01"]
[EventType "k.o."]

1. g3 d5 2. Bg2 Nf6 3. Nf3 Nbd7 4. O-O e5 5. d3 c6 6. a4 ({RR} 6. c4 Bd6 7. cxd5 cxd5 8. Nc3 O-O 9. Nh4 d4 10. Nb5 Bc5 11. Bd2 a6 12. Na3 Re8 13. Nc4 a5 14. Rc1 a4 15. b4 axb3 16. Qxb3 Bf8 17. Rc2 Ra6 18. Bb4 Bxb4 19. Qxb4 Nb6 20. Nxb6 Rxb6 {Ivanisevic,I (2643)-Nisipeanu,L (2652) Calimanesti 2014 ½-½}) 6... a5 7. Nc3 Be7 $146 ({RR} 7... Bb4 8. e4 dxe4 9. Nxe4 O-O 10. Bg5 Be7 11. Nxf6+ Bxf6 12. Bxf6 Qxf6 13. Re1 e4 14. Nd2 exd3 15. Ne4 Qxb2 16. Qxd3 Ne5 17. Qd6 Nc4 18. Qc5 Qb4 19. Qh5 h6 20. c3 Qb6 21. Bf1 Be6 22. Bxc4 {Dubov,D (2708)-Le Tuan Minh (2567) chess.com INT 2024 1-0 (31)}) 8. Nd2 O-O 9. e4 dxe4 10. Ncxe4 Nxe4 11. Nxe4 Re8 12. Re1 Bf8 13. Bg5 f6 14. Be3 Nb6 15. d4 Nc4 16. dxe5 Qxd1 17. Raxd1 Nxe5 18. Nd6 Bxd6 19. Rxd6 Bg4 20. Rd4 Nf3+ 21. Bxf3 Bxf3 22. Rd7 b5 23. h3 Rad8 24. Ra7 Ra8 25. Rxa8 Rxa8 26. Bb6 bxa4 27. Re3 Bd5 28. Bc5 Bf7 29. Re4 Re8 30. Rxa4 Re1+ 31. Kh2 Bd5 32. g4 Re2 33. c4 Be4 34. b3 Rb2 35. Ra3 Rb1 36. Kg3 Bc2 37. Rxa5 Rxb3+ 38. Be3 Bd3 39. Ra8+ Kf7 40. Ra7+ Kg8 41. c5 Be4 42. h4 h6 43. g5 hxg5 44. hxg5 fxg5 45. Kg4 Bd5 46. Kxg5 Rb1 47. Bd4 Rg1+ 48. Kf5 Bf3 49. Rc7 Rg2 50. Kf4 Bd5 51. Be3 Rg6 52. Ke5 Re6+ 53. Kf5 Rf6+ 54. Kg5 Be4 55. Re7 Bd5 56. Bd4 Rf7 57. Re8+ Rf8 58. Re1 Rf3 59. Re8+ Rf8 60. Re5 Bf3 61. Re3 Rf7 62. Kg6 Bd5 63. Re2 Rf4 64. Be3 Rf3 65. Rb2 Rf6+ 66. Kg5 Rf3 67. Bd4 Kh7 68. Be5 Be4 69. Kg4 Bd5 70. Rd2 Kg6 71. Rxd5 Rxf2 72. Rd6+ Kf7 73. Rxc6 Rc2 74. Kf5 g6+ 75. Ke4 g5 76. Kd5 g4 77. Rf6+ Ke7 78. Rg6 Rd2+ 79. Bd4 Rg2 80. c6 g3 81. Rg7+ Kf8 82. c7 Rc2 83. Bc5+ Kxg7 84. c8=Q g2 85. Qg4+ Kf7 86. Qf5+ Ke8 87. Qe6+ 1-0

[Event "Titled Tue 30th Jan Early"]
[Site "chess.com INT"]
[Date "2024.01.30"]
[Round "5"]
[White "Henriquez Villagra, C."]
[Black "Firouzja, Alireza"]
[Result "1-0"]
[WhiteElo "2591"]
[BlackElo "2759"]
[PlyCount "87"]
[EventDate "2024.01.30"]

1. g3 e5 2. Bg2 d5 3. d3 Nc6 4. Nf3 f6 5. O-O Be6 6. c3 ({RR} 6. a3 Qd7 7. e4 dxe4 8. dxe4 O-O-O 9. Qxd7+ {½-½ (9) Georgiev,V (2552)-Miladinovic,I (2533) Cutro 2003}) 6... Qd7 7. b4 ({RR} 7. Re1 Bh3 8. Bh1 h5 9. e4 d4 10. cxd4 exd4 11. a3 O-O-O 12. b4 Ne5 13. Bb2 Bg4 14. Nxe5 fxe5 15. f3 Be6 16. f4 Nf6 17. Nd2 Ng4 18. Nf3 Bd6 19. fxe5 Nxe5 20. Nxd4 Bg4 21. Qd2 h4 {Iniyan,P (2567)-Masague Artero,G (2343) chess.com INT 2025 1-0 (31)}) 7... O-O-O 8. Nbd2 h5 $146 ({RR} 8... g5 9. Qa4 Kb8 10. Nb3 Bd6 11. b5 Nce7 12. Rb1 h5 13. Na5 Ka8 14. Nxg5 fxg5 15. Bxg5 Rf8 16. c4 Bh3 17. Nc6 Nc8 18. Bxd5 Bxf1 19. Kxf1 Bc5 20. e3 Qf5 {1-0 (20) Stojanovski,S (2225)-Sanchez,R (1974) Chess.com INT 2022}) 9. b5 Nb8 10. c4 dxc4 11. Qa4 cxd3 12. Qxa7 dxe2 13. Re1 Bd5 14. Rxe2 Qxb5 15. Bh3+ Rd7 16. Nd4 Qa6 17. Bxd7+ Nxd7 18. Qxa6 bxa6 19. N4b3 h4 20. Bb2 hxg3 21. fxg3 Nh6 22. Rc1 Nf5 23. Ne4 Be7 24. Nc3 Bf3 25. Rf2 e4 26. Na4 Nxg3 27. Re1 Nf5 28. Nd4 Nxd4 29. Bxd4 Bd6 30. Nc3 f5 31. Nd5 Ne5 32. Bxe5 Bxe5 33. Ne7+ Kb7 34. Ng6 Re8 35. Nxe5 Rxe5 36. Rxf3 g5 37. Rb3+ Kc6 38. Kf2 f4 39. Rc1+ Kd6 40. Rb7 c5 41. Rb6+ Kd5 42. h3 Kd4 43. Rd6+ Rd5 44. Rd1+ 1-0

[Event "Titled Tue 6th Feb Late"]
[Site "chess.com INT"]
[Date "2024.02.06"]
[Round "9"]
[White "Yoo, Christopher Woojin"]
[Black "Rustemov, A."]
[Result "1-0"]
[WhiteElo "2595"]
[BlackElo "2525"]
[PlyCount "67"]
[EventDate "2024.02.06"]

1. e4 e6 2. d3 c5 3. Nd2 Nc6 4. Ngf3 g6 5. g3 Bg7 6. Bg2 Nge7 7. O-O d6 8. c3 e5 9. a3 a5 10. a4 h6 11. Nc4 O-O 12. Re1 $146 ({RR} 12. Ne3 Be6 13. Nd2 d5 14. exd5 Nxd5 15. Ndc4 Nxe3 16. Bxe3 Qe7 17. Qe2 Rfd8 18. Rfd1 Ra6 19. f4 Bd5 20. Qf2 b6 21. fxe5 Bxg2 22. Qxg2 Nxe5 23. Nxe5 Qxe5 24. Bf4 Qd5 25. Qe2 Raa8 26. Rd2 Re8 {Qiao,C (1999)-Chen,M (2224) Oakville 2019 0-1 (40)}) 12... Be6 13. Nfd2 Rb8 14. Ne3 d5 15. exd5 Nxd5 16. Ndc4 f5 17. h4 Rf7 18. h5 g5 19. g4 Nf4 20. gxf5 Bxf5 21. Nxf5 Rxf5 22. Bxf4 gxf4 23. Be4 Rg5+ 24. Kf1 Ne7 25. Qf3 b6 26. Ke2 Nc8 27. Rg1 Nd6 28. Rxg5 hxg5 29. h6 Bf6 30. Qh5 Nxc4 31. Qg6+ Kf8 32. dxc4 Qe7 33. Bd5 Qd6 34. Qf7# 1-0